| 000 | 00545nam a2200193 a 4500 | ||
|---|---|---|---|
| 005 | 20230131085231.0 | ||
| 008 | 230131t2022 us ||||| |||| 00| 0 eng d | ||
| 020 | _a9781119824909 | ||
| 040 | _aAKMAL | ||
| 082 | _a776 HEM | ||
| 090 |
_a776 _bHEM |
||
| 100 |
_aHemmings, Mark _99494 |
||
| 245 |
_aAndroid smartphone photography / _cMark Hemmings |
||
| 260 |
_aNew Jersey : _bJohn Wiley & Sons, _c2022 |
||
| 300 |
_a310p. : _bill. ; _c23cm |
||
| 500 | _aIncludes index | ||
| 650 |
_aPhotography _xTechnique _xSmartphones _99495 |
||
| 942 |
_2ddc _cBOOK |
||
| 999 |
_c4967 _d4967 |
||